[Event "Kandidatklassen"]
[Site "Aarhus"]
[Date "1999.03.30"]
[Round "1"]
[White "Pedersen, Jan"]
[Black "Matthiesen, Martin"]
[Result "1/2-1/2"]
[WhiteElo "2335"]
[BlackElo "2278"]
[PlyCount "29"]
[EventDate "1999.??.??"]
[EventType "swiss"]
[EventRounds "7"]
[EventCountry "DEN"]
[SourceTitle "EXT 2000"]
[Source "ChessBase"]
[SourceDate "1999.11.16"]

1. g3 g6 2. Bg2 Bg7 3. Nf3 e5 4. O-O Nc6 5. d3 d6 6. c4 Nf6 7. Nc3 O-O 8. Rb1
a5 9. Bd2 h6 10. a3 Be6 11. e4 Nd7 12. b4 axb4 13. axb4 Ne7 14. Ra1 c6 15. Rxa8
1/2-1/2

[Event "Kandidatklassen"]
[Site "Aarhus"]
[Date "1999.04.03"]
[Round "5"]
[White "Pedersen, Jan"]
[Black "Bank Friis, Carsten"]
[Result "1-0"]
[WhiteElo "2335"]
[BlackElo "2291"]
[PlyCount "85"]
[EventDate "1999.??.??"]
[EventType "swiss"]
[EventRounds "7"]
[EventCountry "DEN"]
[SourceTitle "EXT 2000"]
[Source "ChessBase"]
[SourceDate "1999.11.16"]

1. e4 c6 2. d4 d5 3. exd5 cxd5 4. c3 Nf6 5. Bd3 g6 6. Nf3 Nc6 7. O-O Bf5 8.
Bxf5 gxf5 9. Ne5 Nxe5 10. dxe5 Ne4 11. Be3 e6 12. b4 h6 13. f3 Ng5 14. Nd2 Rg8
15. Kh1 Qc7 16. Bd4 O-O-O 17. a4 f6 18. a5 fxe5 19. Bxa7 Rd6 20. Bc5 Rc6 21.
Nb3 f4 22. Qe2 Kb8 23. Ra2 Nh7 24. Bb6 Qg7 25. Nc5 Ng5 26. Qxe5+ Qxe5 27. Nd7+
Ka8 28. Nxe5 Rxc3 29. h4 Nh7 30. Bd4 Rc7 31. b5 Bc5 32. Rc1 Bd6 33. Rxc7 Bxc7
34. Rc2 Bd6 35. a6 bxa6 36. Rc6 Bxe5 37. Rxa6+ Kb7 38. Bxe5 Re8 39. Bxf4 h5 40.
Be3 Nf8 41. Ra7+ Kb8 42. b6 e5 43. Bc5 1-0

[Event "Kandidatklassen"]
[Site "Aarhus"]
[Date "1999.04.01"]
[Round "3"]
[White "Pedersen, Jan"]
[Black "Palo, Davor"]
[Result "1/2-1/2"]
[WhiteElo "2335"]
[BlackElo "2065"]
[PlyCount "35"]
[EventDate "1999.??.??"]
[EventType "swiss"]
[EventRounds "7"]
[EventCountry "DEN"]
[SourceTitle "EXT 2000"]
[Source "ChessBase"]
[SourceDate "1999.11.16"]

1. d4 Nf6 2. Nf3 e6 3. g3 b6 4. Bg2 Bb7 5. O-O Be7 6. b3 O-O 7. Bb2 c5 8. dxc5
bxc5 9. c4 Nc6 10. Nc3 d5 11. cxd5 exd5 12. Rc1 Nb4 13. a3 Na6 14. Ne5 Rb8 15.
Na4 Bd6 16. Nd3 Nd7 17. e3 Qe7 18. b4 1/2-1/2

[Event "Kandidatklassen"]
[Site "Aarhus"]
[Date "1999.03.30"]
[Round "1"]
[White "Pedersen, Nicolai Vesterbaek"]
[Black "Aagaard, Jacob"]
[Result "0-1"]
[WhiteElo "2366"]
[BlackElo "2399"]
[PlyCount "78"]
[EventDate "1999.??.??"]
[EventType "swiss"]
[EventRounds "7"]
[EventCountry "DEN"]
[SourceTitle "EXT 2000"]
[Source "ChessBase"]
[SourceDate "1999.11.16"]

1. d4 Nf6 2. c4 e6 3. Nc3 Bb4 4. Qc2 O-O 5. e4 c5 6. e5 cxd4 7. a3 dxc3 8. axb4
Ng4 9. Qxc3 d6 10. exd6 Qxd6 11. Nf3 e5 12. h3 Nf6 13. c5 Qe7 14. Bc4 Nc6 15.
O-O e4 16. Re1 Be6 17. Ne5 Bxc4 18. Nxc6 Qe6 19. Nd4 Qd5 20. Nf5 Qxf5 21. Qxc4
a6 22. Bd2 Rfe8 23. Re2 Rac8 24. Rae1 Re6 25. Bc3 b5 26. Qd4 Rce8 27. Rd2 h6
28. Rdd1 Kh7 29. Bd2 Nh5 30. Be3 Qg6 31. Qd7 f5 32. Qc7 Rc6 33. Qh2 Rf6 34. Bf4
Qf7 35. Be5 Rfe6 36. Rd5 R6e7 37. Red1 f4 38. Bd6 e3 39. g4 e2 0-1

[Event "Kandidatklassen"]
[Site "Aarhus"]
[Date "1999.03.31"]
[Round "2"]
[White "Pedersen, Nicolai Vesterbaek"]
[Black "Bromann, Thorbjorn"]
[Result "1/2-1/2"]
[WhiteElo "2366"]
[BlackElo "2242"]
[PlyCount "52"]
[EventDate "1999.??.??"]
[EventType "swiss"]
[EventRounds "7"]
[EventCountry "DEN"]
[SourceTitle "EXT 2000"]
[Source "ChessBase"]
[SourceDate "1999.11.16"]

1. d4 d5 2. c4 Nc6 3. e3 e5 4. dxe5 d4 5. a3 a5 6. Nf3 Bg4 7. Be2 dxe3 8. Qxd8+
Rxd8 9. Bxe3 Nge7 10. Nbd2 Ng6 11. O-O-O Ncxe5 12. Rhe1 Nxf3 13. Bxf3 Bxf3 14.
Nxf3 Rxd1+ 15. Kxd1 Be7 16. Bc5 Kd7 17. Bxe7 Nxe7 18. Ne5+ Ke8 19. c5 f6 20.
Nc4 a4 21. Kc2 Kd7 22. Re4 Ra8 23. Kc3 Nd5+ 24. Kd4 Ne7 25. Kc3 Nd5+ 26. Kd4
Ne7 1/2-1/2

[Event "Kandidatklassen"]
[Site "Aarhus"]
[Date "1999.04.05"]
[Round "7"]
[White "Pedersen, Steffen"]
[Black "Borbjerggaard, Lars"]
[Result "1/2-1/2"]
[WhiteElo "2418"]
[BlackElo "2357"]
[PlyCount "64"]
[EventDate "1999.??.??"]
[EventType "swiss"]
[EventRounds "7"]
[EventCountry "DEN"]
[SourceTitle "EXT 2000"]
[Source "ChessBase"]
[SourceDate "1999.11.16"]

1. d4 Nf6 2. c4 g6 3. Nc3 Bg7 4. e4 d6 5. Be2 O-O 6. Nf3 e5 7. O-O exd4 8. Nxd4
Re8 9. f3 Nc6 10. Be3 Nh5 11. Qd2 Nxd4 12. Bxd4 Nf4 13. Rfd1 Qg5 14. Bf1 Bxd4+
15. Qxd4 Ne6 16. Qd2 Qxd2 17. Rxd2 b6 18. Rc1 a5 19. Kf2 Bb7 20. Be2 Nc5 21.
Bd1 Kg7 22. Bc2 g5 23. h3 h5 24. Nd1 Ne6 25. Ne3 Bc6 26. Bd3 Nf4 27. Bf1 h4 28.
Nf5+ Kf6 29. Ne3 Ne6 30. Bd3 Nc5 31. Bb1 Ke7 32. Nf5+ Kf6 1/2-1/2

[Event "Kandidatklassen"]
[Site "Aarhus"]
[Date "1999.03.30"]
[Round "1"]
[White "Pedersen, Steffen"]
[Black "Andersen, Jackie"]
[Result "1-0"]
[WhiteElo "2418"]
[BlackElo "2300"]
[PlyCount "53"]
[EventDate "1999.??.??"]
[EventType "swiss"]
[EventRounds "7"]
[EventCountry "DEN"]
[SourceTitle "EXT 2000"]
[Source "ChessBase"]
[SourceDate "1999.11.16"]

1. d4 d5 2. c4 Nc6 3. cxd5 Qxd5 4. e3 e5 5. Nc3 Bb4 6. Bd2 Bxc3 7. Bxc3 exd4 8.
Ne2 Bg4 9. f3 Qg5 10. exd4 Bd7 11. d5 Nce7 12. h4 Qg6 13. h5 Qg5 14. Qc1 h6 15.
Qxg5 hxg5 16. Bxg7 Rh7 17. Be5 Nxd5 18. Nc3 Nxc3 19. Bxc3 Be6 20. Bd3 f5 21.
O-O-O Kf7 22. g4 Nh6 23. Rde1 Bd5 24. gxf5 Bxf3 25. f6 Bxh1 26. Bc4+ Kf8 27.
Bb4+ 1-0

[Event "Kandidatklassen"]
[Site "Aarhus"]
[Date "1999.04.02"]
[Round "4"]
[White "Pedersen, Steffen"]
[Black "Aagaard, Jacob"]
[Result "1/2-1/2"]
[WhiteElo "2418"]
[BlackElo "2399"]
[PlyCount "51"]
[EventDate "1999.??.??"]
[EventType "swiss"]
[EventRounds "7"]
[EventCountry "DEN"]
[SourceTitle "EXT 2000"]
[Source "ChessBase"]
[SourceDate "1999.11.16"]

1. e4 c5 2. Nf3 e6 3. d4 cxd4 4. Nxd4 Nf6 5. Nc3 Nc6 6. Ndb5 d6 7. Bf4 e5 8.
Bg5 a6 9. Na3 b5 10. Bxf6 gxf6 11. Nd5 Bg7 12. c3 f5 13. exf5 Bxf5 14. Nc2 O-O
15. Nce3 Be6 16. Bd3 f5 17. O-O Ra7 18. a4 b4 19. cxb4 e4 20. Nf4 Bf7 21. Bc4
Bxc4 22. Nxc4 Nd4 23. Ra3 d5 24. Ne3 Rd7 25. Rc3 Be5 26. Kh1 1/2-1/2

[Event "Kandidatklassen"]
[Site "Aarhus"]
[Date "1999.04.05"]
[Round "7"]
[White "Rewitz, Poul"]
[Black "Andersen, Jackie"]
[Result "1-0"]
[WhiteElo "2350"]
[BlackElo "2300"]
[PlyCount "43"]
[EventDate "1999.??.??"]
[EventType "swiss"]
[EventRounds "7"]
[EventCountry "DEN"]
[SourceTitle "EXT 2000"]
[Source "ChessBase"]
[SourceDate "1999.11.16"]

1. e4 g6 2. d4 Nf6 3. e5 Nh5 4. c3 d6 5. exd6 cxd6 6. Be2 Nf6 7. Nf3 Bg7 8. O-O
O-O 9. Re1 e6 10. h3 a6 11. a4 b6 12. Bf4 Bb7 13. Nbd2 Nd5 14. Bh2 Bh6 15. Bf1
Nc6 16. Nc4 Nf4 17. Ne3 g5 18. Bxf4 gxf4 19. Ng4 Bg7 20. d5 exd5 21. Qxd5 Ra7
22. Qh5 1-0

[Event "Kandidatklassen"]
[Site "Aarhus"]
[Date "1999.04.04"]
[Round "6"]
[White "Rewitz, Poul"]
[Black "Pedersen, Nicolai Vesterbaek"]
[Result "0-1"]
[WhiteElo "2350"]
[BlackElo "2366"]
[PlyCount "128"]
[EventDate "1999.??.??"]
[EventType "swiss"]
[EventRounds "7"]
[EventCountry "DEN"]
[SourceTitle "EXT 2000"]
[Source "ChessBase"]
[SourceDate "1999.11.16"]

1. e4 e5 2. Nf3 Nc6 3. d4 exd4 4. Nxd4 Nf6 5. Nxc6 bxc6 6. Qd4 d5 7. Nc3 Be7 8.
Bg5 O-O 9. O-O-O Nxe4 10. Bxe7 Qxe7 11. Nxe4 dxe4 12. Bc4 Bf5 13. Rde1 Qg5+ 14.
Kb1 h6 15. h4 Qf4 16. Qc5 Bh7 17. Rd1 Rad8 18. Bb3 Qg4 19. Rc1 Qxg2 20. h5 Qg5
21. Qxa7 Qe5 22. Qe3 c5 23. Qe2 Bf5 24. Rhe1 Rfe8 25. Qc4 Re7 26. a4 Bg4 27. a5
Bxh5 28. a6 c6 29. Rh1 Bf3 30. Rhg1 Rd4 31. Qc3 g5 32. Rce1 Rdd7 33. Qe3 Kg7
34. Rg3 g4 35. Bc4 h5 36. Qb3 h4 37. Qxf3 Qxg3 38. Qxf7+ Rxf7 39. fxg3 Rfe7 40.
gxh4 Kf6 41. Rf1+ Ke5 42. h5 Rg7 43. Rg1 Kf4 44. h6 Rg6 45. Rh1 g3 46. h7 Rxh7
47. Rxh7 g2 48. Rh4+ Kg3 49. Rxe4 g1=Q+ 50. Ka2 Rg7 51. Bd3 Qf2 52. b3 Qf6 53.
Re3+ Kf2 54. Re2+ Kf3 55. Re1 Qc3 56. Rf1+ Ke3 57. Kb1 Kd4 58. Rh1 Kd5 59. Rd1
Kd6 60. Rh1 Kc7 61. Ka2 Kb6 62. Kb1 Rg2 63. Rc1 c4 64. Bxc4 Rg5 0-1

[Event "Kandidatklassen"]
[Site "Aarhus"]
[Date "1999.04.02"]
[Round "4"]
[White "Rewitz, Poul"]
[Black "Brinck Claussen, Bjorn"]
[Result "0-1"]
[WhiteElo "2350"]
[BlackElo "2330"]
[PlyCount "90"]
[EventDate "1999.??.??"]
[EventType "swiss"]
[EventRounds "7"]
[EventCountry "DEN"]
[SourceTitle "EXT 2000"]
[Source "ChessBase"]
[SourceDate "1999.11.16"]

1. e4 e6 2. d4 d5 3. Nc3 Bb4 4. Bd3 dxe4 5. Bxe4 Nf6 6. Bd3 c5 7. Nf3 cxd4 8.
Nxd4 e5 9. Nde2 O-O 10. O-O Bg4 11. f3 Be6 12. Kh1 Nc6 13. Bg5 Be7 14. Ng3 Nh5
15. Be3 Nxg3+ 16. hxg3 f5 17. a3 Rc8 18. Qe1 Qe8 19. Kg1 Qh5 20. Ne2 g5 21. b4
e4 22. Nd4 exd3 23. Nxe6 Rfe8 24. Qc3 Qf7 25. Nxg5 Bxg5 26. Bxg5 Ne5 27. Qd4
dxc2 28. Rfe1 Qc4 29. Qxc4+ Nxc4 30. Rxe8+ Rxe8 31. Kf1 Nb2 32. Re1 Rxe1+ 33.
Kxe1 Nd3+ 34. Ke2 f4 35. Bxf4 Nxf4+ 36. Kd2 Nxg2 37. Kxc2 Ne1+ 38. Kd2 Nxf3+
39. Ke3 Ng5 40. Kf4 h6 41. Ke5 Kf7 42. b5 h5 43. a4 Ke7 44. a5 Ne6 45. Kf5 Nd4+
0-1

[Event "Kandidatklassen"]
[Site "Aarhus"]
[Date "1999.03.30"]
[Round "1"]
[White "Skytte, Rasmus"]
[Black "Vovk, Oksana"]
[Result "1-0"]
[WhiteElo "2277"]
[BlackElo "2089"]
[PlyCount "73"]
[EventDate "1999.??.??"]
[EventType "swiss"]
[EventRounds "7"]
[EventCountry "DEN"]
[SourceTitle "EXT 2000"]
[Source "ChessBase"]
[SourceDate "1999.11.16"]

1. e4 e6 2. d4 d5 3. e5 c5 4. c3 Nc6 5. Nf3 Qb6 6. a3 Bd7 7. b4 cxd4 8. cxd4
Rc8 9. Bb2 Na5 10. Nbd2 Nc4 11. Nxc4 dxc4 12. Rc1 a5 13. Nd2 axb4 14. Nxc4 Qd8
15. a4 Bc6 16. a5 Nh6 17. Nb6 Rb8 18. d5 exd5 19. Bd4 Nf5 20. a6 Be7 21. a7 Ra8
22. Nxa8 Qxa8 23. Bb6 O-O 24. Bd3 Nh4 25. g3 Ng6 26. Qh5 Be8 27. Bd4 b6 28. O-O
Bd7 29. f4 Re8 30. e6 Bxe6 31. f5 Bxf5 32. Qxf5 Qxa7 33. Rce1 Rf8 34. h4 Qc7
35. Re3 h6 36. h5 Bg5 37. Ref3 1-0

[Event "Kandidatklassen"]
[Site "Aarhus"]
[Date "1999.04.01"]
[Round "3"]
[White "Skytte, Rasmus"]
[Black "Bank Friis, Carsten"]
[Result "1/2-1/2"]
[WhiteElo "2277"]
[BlackElo "2291"]
[PlyCount "29"]
[EventDate "1999.??.??"]
[EventType "swiss"]
[EventRounds "7"]
[EventCountry "DEN"]
[SourceTitle "EXT 2000"]
[Source "ChessBase"]
[SourceDate "1999.11.16"]

1. e4 e5 2. Nf3 Nf6 3. Bc4 Nxe4 4. Nc3 Nxc3 5. dxc3 c6 6. Nxe5 d5 7. Bd3 Bd6 8.
O-O O-O 9. Re1 Nd7 10. Nxd7 Bxd7 11. Qh5 g6 12. Qh6 Qc7 13. Bg5 Be5 14. Qh4
Rfe8 15. h3 1/2-1/2

[Event "Kandidatklassen"]
[Site "Aarhus"]
[Date "1999.04.03"]
[Round "5"]
[White "Skytte, Rasmus"]
[Black "Pedersen, Daniel Vesterbaek"]
[Result "1/2-1/2"]
[WhiteElo "2277"]
[BlackElo "2299"]
[PlyCount "42"]
[EventDate "1999.??.??"]
[EventType "swiss"]
[EventRounds "7"]
[EventCountry "DEN"]
[SourceTitle "EXT 2000"]
[Source "ChessBase"]
[SourceDate "1999.11.16"]

1. d4 d5 2. c4 c6 3. Nf3 Nf6 4. Nc3 dxc4 5. a4 Bf5 6. Ne5 Nbd7 7. Nxc4 Qc7 8.
g3 e5 9. dxe5 Nxe5 10. Bf4 Nfd7 11. Bg2 f6 12. O-O Nc5 13. e4 Bg6 14. Qe2 Nb3
15. Rad1 Bc5 16. Be3 Bf7 17. Nxe5 fxe5 18. Bxc5 Nxc5 19. b4 Ne6 20. Nd5 cxd5
21. exd5 Nd8 1/2-1/2

[Event "Kandidatklassen"]
[Site "Aarhus"]
[Date "1999.03.31"]
[Round "2"]
[White "Vovk, Oksana"]
[Black "Pedersen, Finn"]
[Result "0-1"]
[WhiteElo "2089"]
[BlackElo "2295"]
[PlyCount "68"]
[EventDate "1999.??.??"]
[EventType "swiss"]
[EventRounds "7"]
[EventCountry "DEN"]
[SourceTitle "EXT 2000"]
[Source "ChessBase"]
[SourceDate "1999.11.16"]

1. d4 d5 2. Nf3 Nf6 3. c4 e6 4. cxd5 exd5 5. Bg5 Be7 6. Nc3 O-O 7. e3 c6 8. Bd3
Bg4 9. Qc2 h6 10. Bxf6 Bxf6 11. O-O Bxf3 12. gxf3 Nd7 13. b4 a5 14. a3 b5 15.
Ne2 Rc8 16. e4 axb4 17. axb4 Nb6 18. e5 Be7 19. Bf5 Rc7 20. Ra6 Nc4 21. Qc3 Bg5
22. f4 Bxf4 23. Nxf4 Qg5+ 24. Qg3 Qxf5 25. Rfa1 Nd2 26. Kh1 Qe4+ 27. Ng2 Qxd4
28. e6 Ne4 29. Qe3 Nxf2+ 30. Kg1 Nh3+ 31. Kh1 Qxe3 32. Nxe3 fxe6 33. Rc1 Nf2+
34. Kg2 d4 0-1